Dariganga folklore texts

Elmentve itt :
Bibliográfiai részletek
Szerző: Róna-Tas András
Dokumentumtípus: Cikk
Megjelent: Akadémiai Kiadó Budapest 1960
Sorozat:Acta Orientalia Academiae Scientiarum Hungaricae;Acta Orientalia Academiae Scientiarum Hungaricae : a Magyar Tudományos Akadémia orientalisztikai közleményei
Kulcsszavak:Mongol nyelv - nyelvjárás
Tárgyszavak:
Online Access:http://misc.bibl.u-szeged.hu/62091
LEADER 01024nab a2200253 i 4500
001 misc62091
005 20230713101257.0
008 220830s1960 hu o 0|| eng d
040 |a SZTE Miscellanea Repozitórium  |b hun 
041 |a eng 
041 |a grc 
041 |a mon 
100 2 |a Róna-Tas András 
245 1 0 |a Dariganga folklore texts  |h [elektronikus dokumentum] /  |c  Róna-Tas András 
260 |a Akadémiai Kiadó  |b Budapest  |c 1960 
300 |a 171-183  |c 25 cm 
490 0 |a Acta Orientalia Academiae Scientiarum Hungaricae;Acta Orientalia Academiae Scientiarum Hungaricae : a Magyar Tudományos Akadémia orientalisztikai közleményei 
561 |a Németh Gyula hagyaték 
591 |a LOA 3182; NOA 5001; XKEK 1858;OA 7033 
650 4 |a Bölcsészettudományok 
650 4 |a Nyelvek és irodalom 
695 |a Mongol nyelv - nyelvjárás 
856 4 0 |u http://misc.bibl.u-szeged.hu/62091/1/7033_oa.pdf  |z Dokumentum-elérés  
856 4 0 |u http://misc.bibl.u-szeged.hu/62091/2/5001_noa.pdf  |z Dokumentum-elérés